Statistics for 国民の祝日

Click here to take the quiz!

General Stats

  • This quiz has been taken 37 times
  • The average score is 14 of 16

Answer Stats

祝日日付% Correct
元日1月1日
100%
成人の日1月の第2月曜日
96%
天皇誕生日2月23日
93%
春分の日春分日
93%
昭和の日4月29日
93%
こどもの日5月5日
93%
海の日7月の第3月曜日
93%
山の日8月11日
93%
憲法記念日5月3日
89%
秋分の日秋分日
89%
建国記念の日2月11日(政令で定める日)
86%
みどりの日5月4日
86%
敬老の日9月の第3月曜日
86%
スポーツの日10月の第2月曜日
86%
文化の日11月3日
79%
勤労感謝の日11月23日
79%

Score Distribution

Percentile by Number Answered

Percent of People with Each Score

Your Score History

You have not taken this quiz